Score 0/20 Timer 08:00
0 Plays Today
Misconception Missing Word % Correct
Cars need regular tune-ups every six ______.months
95.9%
___ tanks must be kept full to avoid debris and sludge from damaging the car.Gas
95.7%
The highest ______ on the speedometer is how fast the car can go.number
95.3%
Spare _____ are the same as normal _____ and can be used accordingly.tires
95.1%
Manual is better than _________ or vice versa.automatic
94.8%
Speeding is legal if it matches the flow of _______.traffic
94.6%
Self-driving cars don't need a _____ in them to operate.person
94.6%
Larger vehicles are safer in the event of a _____.crash
93.9%
Red cars ____ more money to insure.cost
93.7%
Wearing a ________ increases the chance of being injured in an accident.seatbelt
93.7%
Misconception Missing Word % Correct
Hitting or shooting the gas tank of a car will cause it to _______explode
93.5%
All wheel _____ makes cars more maneuverable.drive
92.8%
An engine's ___ must be changed every 3,000 miles.oil
91.1%
Dish ____ can be used to wash a car.soap
89.6%
Cars break more ______ than they used to because they are made cheaply.easily
86.2%
A car's engine going at full speed can prevent the ______ from stopping the car.brakes
83.3%
The _______ are properly adjusted if the car's flanks are visible.mirrors
81.7%
______ tires don't make a noticeable difference when driving over snow in the ______.Winter
80.7%
Cars must be ______ up before they can run.warmed
72.1%
_______ gas is necessary as regular gas may damage the engine.Premium
59.1%

Today's Daily Dose

Remove Ads.
Support Sporcle.
Get the best of Sporcle when you Go Orange. This ad-free experience offers more features, more stats, and more fun while also helping to support Sporcle. Thank you for becoming a member.

You're not logged in!

Compare scores with friends on all Sporcle quizzes.
OR
Log In

Show Comments

Extras

Top Quizzes Today


Score Distribution

Your Account Isn't Verified!

In order to create a playlist on Sporcle, you need to verify the email address you used during registration. Go to your Sporcle Settings to finish the process.

Report this User

Report this user for behavior that violates our Community Guidelines.

Details: